000 00538nam a2200169 4500
001 118470
003 ES-MaACL
005 20230906191115.0
007 t|
008 070214s1971 sp r ||||1| spa d
100 1 _aPérez de Armiñán, Gonzalo.
_990758
245 1 0 _aEconomía para juristas /
_cGonzalo Pérez de Armiñán.
260 _aMadrid :
_bColegio Universitario de San Pablo,
_c1971.
300 _aXV, 480 p. :
_bil ;
_c24 cm.
710 2 _aColegio Universitario de San Pablo.
_92993
852 _aES-MaACL
_jC-40979
_bR.80295
999 _c118470
_d118470